Statistics for Most Popular and Best Car Brands

Click here to take the quiz!

General Stats

  • This quiz has been taken 170 times
  • The average score is 23 of 50

Answer Stats

Car Brand% Correct
Ford
90%
Toyota
86%
Honda
84%
BMW
82%
Mercedes
80%
Ferrari
77%
Audi
75%
Chevrolet
74%
Nissan
71%
Volkswagen
69%
Kia
63%
Porsche
63%
Lamborghini
61%
Mazda
59%
Volvo
59%
Dodge
55%
Jaguar
55%
Mitsubishi
55%
Jeep
54%
Lexus
53%
Rolls Royce
49%
Cadillac
48%
Land Rover
47%
Subaru
47%
Suzuki
47%
Bugatti
43%
Citroen
43%
Bentley
41%
Maserati
41%
Peugeot
41%
Tesla
41%
Opel
40%
Aston Martin
38%
Skoda
36%
Saab
34%
Acura
33%
Range Rover
29%
Hummer
26%
Pontiac
25%
Lotus
23%
McLaren
21%
Koenigsegg
20%
Holden
19%
Mustang
19%
Tata
19%
Corvette
18%
Lancia
16%
Pagani
16%
Maybach
9%
W Motors
2%

Score Distribution

Percentile by Number Answered

Percent of People with Each Score

Your Score History

You have not taken this quiz